000
00309nam a22001337a 4500
008
170825b xxu||||| |||| 00| 0 eng d
020
_a
0697008002
041
_a
eng
080
_2
2ND
_a
070
100
_a
39
101
_a
MED
245
_a
DYNAMICS OF INTERCULTURAL COMMUNICATION
_c
DODD,C.H
942
_2
udc
_c
BK
999
_c
25091
_d
25091